[Event "45th IT Bosna 2015"]
[Site "Sarajevo"]
[Date "2015.05.30"]
[Round "1.2"]
[White "Predojevic, Borki"]
[Black "Musovic, Sabrija"]
[Result "1-0"]
[WhiteElo "2623"]
[BlackElo "2043"]
[PlyCount "67"]
[EventDate "2015.05.30"]

1. e4 c5 2. Nf3 d6 3. d4 cxd4 4. Qxd4 Bd7 5. Be2 Nc6 6. Qe3 Nf6 7. O-O g6 8. h3
Bg7 9. c4 h5 10. Nc3 Qc8 11. Rd1 Bh6 12. Qd3 Nb4 13. Qb1 Bxh3 14. gxh3 g5 15.
a3 Nc6 16. Nd5 Nxd5 17. exd5 g4 18. dxc6 gxf3 19. Bxf3 Qxh3 20. Bg2 Qg4 21. Rd3
h4 22. Bxh6 O-O-O 23. Qd1 Qg6 24. cxb7+ Kb8 25. Be3 Rdg8 26. Bxa7+ Kxa7 27.
b8=Q+ Kxb8 28. Qb3+ Kc8 29. Qb7+ Kd8 30. Qa8+ Kd7 31. Qc6+ Kd8 32. Rb3 e5 33.
Rb7 Qe6 34. Qc7+ 1-0

[Event "45th IT Bosna 2015"]
[Site "Sarajevo"]
[Date "2015.05.30"]
[Round "1.3"]
[White "Osmanovic, Faruk"]
[Black "Kozul, Zdenko"]
[Result "0-1"]
[WhiteElo "2042"]
[BlackElo "2620"]
[PlyCount "82"]
[EventDate "2015.05.30"]

1. e4 c5 2. Nf3 d6 3. Bb5+ Bd7 4. Bxd7+ Nxd7 5. d4 cxd4 6. Qxd4 Ngf6 7. O-O g6
8. Be3 Bg7 9. Nc3 O-O 10. Qd2 Re8 11. h3 a6 12. Bd4 b5 13. Rfe1 Rc8 14. Nd5
Nxd5 15. Bxg7 Kxg7 16. exd5 Nf6 17. Re3 Rc5 18. Rd3 Qb6 19. c3 Rec8 20. a3 a5
21. Rd1 b4 22. axb4 axb4 23. Qe3 bxc3 24. bxc3 Qb7 25. c4 Rxc4 26. Rb3 Qd7 27.
Rbd3 R8c7 28. Nd2 Rb4 29. Rd4 Qa4 30. Nf3 Rxd4 31. Rxd4 Qa1+ 32. Kh2 Rc3 33.
Qd2 Rc1 34. Rh4 Rh1+ 35. Kg3 Qc1 36. Qe2 Nxd5 37. Rc4 Qa1 38. Qc2 Nf6 39. Rc8
Nh5+ 40. Kg4 f5+ 41. Kh4 Qf6+ 0-1

[Event "45th IT Bosna 2015"]
[Site "Sarajevo"]
[Date "2015.05.30"]
[Round "1.4"]
[White "Nikolic, Predrag"]
[Black "Jelen, Darko"]
[Result "1-0"]
[WhiteElo "2618"]
[BlackElo "2039"]
[PlyCount "63"]
[EventDate "2015.05.30"]

1. d4 d5 2. c4 e6 3. Nc3 c6 4. Nf3 Nf6 5. Bg5 Bb4 6. Qb3 Be7 7. e3 O-O 8. Bd3
Nbd7 9. O-O h6 10. Bh4 b6 11. e4 dxe4 12. Nxe4 Bb7 13. c5 Nxe4 14. Bxe7 Qxe7
15. Bxe4 Nf6 16. Rfe1 b5 17. Ne5 Qc7 18. Bc2 Rfd8 19. Rad1 Rd5 20. Qe3 a5 21.
a3 a4 22. Bb1 Rdd8 23. Rd3 Re8 24. Qc1 Rad8 25. Rg3 Kf8 26. Qf4 Re7 27. Rh3
Red7 28. Rxh6 gxh6 29. Qxh6+ Kg8 30. Qg5+ Kf8 31. Qxf6 Rxd4 32. Ng6+ 1-0

[Event "45th IT Bosna 2015"]
[Site "Sarajevo"]
[Date "2015.05.30"]
[Round "1.5"]
[White "Medic, Nevenko"]
[Black "Stevic, Hrvoje"]
[Result "0-1"]
[WhiteElo "2038"]
[BlackElo "2596"]
[PlyCount "102"]
[EventDate "2015.05.30"]

1. d4 Nf6 2. c4 g6 3. g3 Bg7 4. Bg2 O-O 5. Nc3 d6 6. Nf3 c5 7. O-O Nc6 8. d5
Na5 9. Nd2 a6 10. Qc2 Rb8 11. a4 Bd7 12. b3 b5 13. axb5 axb5 14. Bb2 bxc4 15.
bxc4 Bh6 16. f4 Ng4 17. Nd1 Rxb2 18. Qxb2 Bg7 19. Qa2 Bd4+ 20. Kh1 Bxa1 21.
Qxa1 Qb6 22. h3 Nh6 23. Nc3 Ra8 24. Rb1 Qd8 25. Qb2 Nf5 26. Nce4 Ne3 27. Qc3
Nxg2 28. Kxg2 h5 29. Nf2 Qc8 30. Qb2 f6 31. e4 Qc7 32. Nd3 Kg7 33. Nf2 Bc8 34.
Nd3 Ra6 35. Nf2 Nb7 36. Nf3 Ra4 37. Qb5 Ra2 38. e5 dxe5 39. fxe5 fxe5 40. Rb2
Nd6 41. Qb3 Rxb2 42. Qxb2 Nxc4 43. Qc3 Nb6 44. Nxe5 Nxd5 45. Qa1 Nf6 46. g4
Bb7+ 47. Kg1 hxg4 48. hxg4 Qd6 49. g5 Qd5 50. Kf1 Qg2+ 51. Ke1 Qg1+ 0-1

[Event "45th IT Bosna 2015"]
[Site "Sarajevo"]
[Date "2015.05.30"]
[Round "1.6"]
[White "Palac, Mladen"]
[Black "Dedebas, Emre Emin"]
[Result "1-0"]
[WhiteElo "2561"]
[BlackElo "2036"]
[PlyCount "61"]
[EventDate "2015.05.30"]

1. d4 d5 2. c4 dxc4 3. e3 e5 4. Bxc4 exd4 5. exd4 Nf6 6. Nf3 Bd6 7. O-O O-O 8.
Nc3 Nc6 9. h3 h6 10. Re1 Na5 11. Bd3 Be6 12. Ne5 Nc6 13. Nxc6 bxc6 14. Qf3 Bd7
15. Bc4 Rb8 16. Bb3 Re8 17. Rxe8+ Bxe8 18. Be3 Nh7 19. Ne4 Qh4 20. Re1 Bb4 21.
Re2 Nf8 22. Bf4 Ne6 23. Bxe6 fxe6 24. Bxc7 Rb7 25. Bd6 Rf7 26. Qb3 Qh5 27. Ng3
Qxe2 28. Nxe2 Bxd6 29. Qxe6 Be7 30. Nf4 Kh7 31. Qe4+ 1-0

[Event "45th IT Bosna 2015"]
[Site "Sarajevo"]
[Date "2015.05.30"]
[Round "1.7"]
[White "Luetic, Ante"]
[Black "Heberla, Bartlomiej"]
[Result "0-1"]
[WhiteElo "2035"]
[BlackElo "2556"]
[PlyCount "88"]
[EventDate "2015.05.30"]

1. c4 e5 2. Nc3 Bb4 3. Nf3 Bxc3 4. bxc3 d6 5. g3 f5 6. d3 Nc6 7. Bg2 Nf6 8. Bg5
O-O 9. O-O Qe8 10. Bxf6 Rxf6 11. e3 b6 12. Nd2 Bb7 13. Re1 Nd8 14. Bd5+ Kh8 15.
Nb3 c6 16. Bg2 d5 17. cxd5 cxd5 18. a4 Rc8 19. Qd2 a5 20. Qb2 Qh5 21. Rac1 Rh6
22. h4 Qe8 23. Nd2 Ne6 24. d4 e4 25. Bf1 f4 26. exf4 Nxf4 27. c4 Qg6 28. cxd5
Re8 29. Qa3 Bxd5 30. Nc4 Bxc4 31. Rxc4 Rxh4 32. Bg2 Nxg2 33. Kxg2 Rh6 34. Rh1
Rxh1 35. Kxh1 e3 36. fxe3 Qxg3 37. Rc2 h6 38. Qc1 Kg8 39. Rc6 Re4 40. Rc8+ Kh7
41. Qc2 Qg6 42. Qf2 Qh5+ 43. Kg2 Qg4+ 44. Kf1 Qxc8 0-1

[Event "45th IT Bosna 2015"]
[Site "Sarajevo"]
[Date "2015.05.30"]
[Round "1.8"]
[White "Dizdarevic, Emir"]
[Black "Pestek, Elvis"]
[Result "1-0"]
[WhiteElo "2546"]
[BlackElo "2035"]
[PlyCount "49"]
[EventDate "2015.05.30"]

1. Nf3 d5 2. g3 Nf6 3. Bg2 e6 4. c4 c6 5. Qc2 Nbd7 6. d4 Bb4+ 7. Nbd2 O-O 8.
O-O Re8 9. Rd1 Bf8 10. e4 Nxe4 11. Nxe4 dxe4 12. Qxe4 Nb6 13. b3 e5 14. Bg5
exd4 15. Rxd4 Rxe4 16. Rxd8 Be6 17. Rxa8 Nxa8 18. Rd1 f6 19. Be3 Nb6 20. Rd8
Bf7 21. Rb8 Re7 22. a4 Rc7 23. Bh3 Nd7 24. Bxd7 Rxd7 25. Bc5 1-0

[Event "45th IT Bosna 2015"]
[Site "Sarajevo"]
[Date "2015.05.30"]
[Round "1.9"]
[White "Aleksic, Neven"]
[Black "Antipov, Mikhail Al"]
[Result "0-1"]
[WhiteElo "2034"]
[BlackElo "2523"]
[PlyCount "40"]
[EventDate "2015.05.30"]

1. d4 Nf6 2. c4 e6 3. Nf3 Bb4+ 4. Bd2 Qe7 5. Qc2 Bxd2+ 6. Nbxd2 d6 7. e3 e5 8.
Bd3 O-O 9. O-O Nbd7 10. Ne4 Nxe4 11. Bxe4 g6 12. dxe5 dxe5 13. Qc3 a5 14. Bc2
Re8 15. Rad1 Nc5 16. Rd5 f6 17. h3 b6 18. Rdd1 Bb7 19. Nd2 f5 20. Nb3 Na4 0-1

[Event "45th IT Bosna 2015"]
[Site "Sarajevo"]
[Date "2015.05.30"]
[Round "1.10"]
[White "Jovanovic, Zoran"]
[Black "Bucevac, Ljubisa"]
[Result "1-0"]
[WhiteElo "2518"]
[BlackElo "2031"]
[PlyCount "59"]
[EventDate "2015.05.30"]

1. e4 e5 2. Nf3 d6 3. d4 exd4 4. Nxd4 Nf6 5. Nc3 Be7 6. g3 O-O 7. Bg2 Re8 8.
O-O c6 9. h3 Qc7 10. a4 a5 11. g4 Na6 12. Be3 Bf8 13. Nde2 Nb4 14. Bd4 Nd7 15.
f4 Nc5 16. Qd2 b6 17. Ng3 Bb7 18. Nh5 Rad8 19. f5 d5 20. exd5 Nxd5 21. Qg5 h6
22. Nxd5 Qh2+ 23. Kxh2 hxg5 24. Nhf6+ gxf6 25. Nxf6+ Kh8 26. Bxc5 Bxc5 27. Nxe8
Rxe8 28. Rfe1 Bd6+ 29. Kh1 Rc8 30. Rad1 1-0

[Event "45th IT Bosna 2015"]
[Site "Sarajevo"]
[Date "2015.05.30"]
[Round "1.11"]
[White "Miladinovic, Zlatko"]
[Black "Kurajica, Bojan"]
[Result "0-1"]
[WhiteElo "2029"]
[BlackElo "2518"]
[PlyCount "66"]
[EventDate "2015.05.30"]

1. d4 Nf6 2. Nf3 e6 3. Bg5 h6 4. Bh4 d6 5. Nbd2 g5 6. Bg3 Bg7 7. e4 Nh5 8. c3
f5 9. Ng1 g4 10. Bd3 Qg5 11. e5 Nxg3 12. hxg3 dxe5 13. dxe5 Nc6 14. Qa4 Bd7 15.
Bb5 Bxe5 16. Nc4 a6 17. Nxe5 Nxe5 18. Bxd7+ Nxd7 19. Ne2 O-O-O 20. Qf4 e5 21.
Qxg5 hxg5 22. O-O-O Nc5 23. Rxd8+ Rxd8 24. f3 gxf3 25. gxf3 Nd3+ 26. Kc2 Nxb2
27. g4 Nc4 28. Ng3 fxg4 29. fxg4 Rd2+ 30. Kb3 b5 31. Kb4 Nd6 32. Re1 Rg2 33.
Re3 a5+ 0-1

[Event "45th IT Bosna 2015"]
[Site "Sarajevo"]
[Date "2015.05.30"]
[Round "1.12"]
[White "Savic, Miodrag R"]
[Black "Marinc, Damir"]
[Result "1-0"]
[WhiteElo "2509"]
[BlackElo "2021"]
[PlyCount "51"]
[EventDate "2015.05.30"]

1. e4 e6 2. d4 d5 3. Nc3 Bb4 4. exd5 exd5 5. Bd3 Nf6 6. Nge2 O-O 7. O-O Re8 8.
h3 Nbd7 9. a3 Be7 10. Ng3 c5 11. Bf4 a6 12. Re1 cxd4 13. Nce2 Nc5 14. Nxd4 Ne6
15. Be5 Bd6 16. c3 Nf4 17. Bxf6 Rxe1+ 18. Qxe1 Qxf6 19. Qe8+ Bf8 20. Bf5 Qe7
21. Re1 Qc7 22. Bxh7+ Kxh7 23. Qxf8 Bxh3 24. Qxa8 Nxg2 25. Re8 Qf4 26. Rh8+ 1-0

[Event "45th IT Bosna 2015"]
[Site "Sarajevo"]
[Date "2015.05.30"]
[Round "1.13"]
[White "Sitnic, Adnan"]
[Black "Stojanovic, Dalibor"]
[Result "0-1"]
[WhiteElo "2014"]
[BlackElo "2498"]
[PlyCount "136"]
[EventDate "2015.05.30"]

1. e4 c5 2. f4 Nc6 3. Nf3 g6 4. Bb5 Bg7 5. Bxc6 bxc6 6. d3 Rb8 7. Nc3 d6 8. O-O
Nh6 9. h3 f5 10. e5 O-O 11. Re1 Qc7 12. b3 Nf7 13. Qe2 Nd8 14. Bb2 Ne6 15. Qe3
Bh6 16. g3 Bd7 17. Rad1 Bg7 18. Na4 Rbe8 19. c4 Qc8 20. Kf2 g5 21. h4 g4 22.
Ng5 Qc7 23. Nxe6 Bxe6 24. d4 cxd4 25. Bxd4 c5 26. Ba1 Qc6 27. exd6 exd6 28.
Bxg7 Kxg7 29. Qd3 Bf7 30. Nc3 a6 31. Nd5 Bxd5 32. Rxe8 Qxe8 33. Qxd5 Rf6 34.
Re1 Qf7 35. Re3 a5 36. Ke2 Kg6 37. Kd3 Qg7 38. Re8 Kh6 39. Qg8 Qxg8 40. Rxg8
Re6 41. Kd2 Re4 42. Ra8 Rd4+ 43. Ke2 Re4+ 44. Kf2 Rd4 45. Rxa5 Rd2+ 46. Kf1 Rd3
47. Ra6 Rxg3 48. Rxd6+ Kh5 49. Rc6 Rf3+ 50. Kg2 Rxf4 51. a4 Rf3 52. Rxc5 Kxh4
53. a5 Rxb3 54. Rxf5 Ra3 55. Rf2 Rxa5 56. Rc2 Rc5 57. Rc3 h5 58. Kh2 Kg5 59.
Kg2 Kf4 60. Kf2 h4 61. Kg2 Ke4 62. Rc1 Kf4 63. Rc3 h3+ 64. Kh2 Re5 65. c5 Re2+
66. Kg1 h2+ 67. Kh1 g3 68. Rc1 Kg4 0-1

[Event "45th IT Bosna 2015"]
[Site "Sarajevo"]
[Date "2015.05.30"]
[Round "1.14"]
[White "Kadric, Denis"]
[Black "Omanovic, Vahidin"]
[Result "1-0"]
[WhiteElo "2493"]
[BlackElo "2013"]
[PlyCount "55"]
[EventDate "2015.05.30"]

1. e4 d6 2. d4 Nf6 3. Nc3 c6 4. f4 Qc7 5. Nf3 Bg4 6. h3 Bxf3 7. Qxf3 e6 8. Bd3
Nbd7 9. Be3 e5 10. O-O Be7 11. Ne2 O-O 12. c3 Rfe8 13. g4 exd4 14. cxd4 Nf8 15.
Ng3 b5 16. Rac1 Qb7 17. g5 N6d7 18. e5 Rac8 19. Nf5 d5 20. Nxe7+ Rxe7 21. f5
Ree8 22. g6 hxg6 23. fxg6 f6 24. Qh5 fxe5 25. Rf7 Nf6 26. Qg5 Qb8 27. Rf1 e4
28. Rxg7+ 1-0

[Event "45th IT Bosna 2015"]
[Site "Sarajevo"]
[Date "2015.05.30"]
[Round "1.15"]
[White "Popic, Boris"]
[Black "Popovic, Dusan"]
[Result "0-1"]
[WhiteElo "2009"]
[BlackElo "2492"]
[PlyCount "52"]
[EventDate "2015.05.30"]

1. d4 d6 2. c4 g6 3. Nc3 Bg7 4. e4 Nf6 5. f3 O-O 6. Be3 e5 7. d5 Nh5 8. Qd2 f5
9. Bg5 Qe8 10. Bd3 a6 11. Nge2 Nd7 12. O-O-O b5 13. cxb5 fxe4 14. fxe4 Nf4 15.
Nxf4 exf4 16. Rhf1 Nc5 17. b6 Qe5 18. Bh4 cxb6 19. Kb1 b5 20. Rde1 Bd7 21. Bf2
b4 22. Nd1 Nxd3 23. Qxd3 Bb5 24. Qf3 Bxf1 25. Rxf1 Rac8 26. Be1 Rc4 0-1

[Event "45th IT Bosna 2015"]
[Site "Sarajevo"]
[Date "2015.05.30"]
[Round "1.16"]
[White "Kovacevic, Aleksandar"]
[Black "Jovovic, Milan"]
[Result "1-0"]
[WhiteElo "2486"]
[BlackElo "1991"]
[PlyCount "50"]
[EventDate "2015.05.30"]

1. e4 c5 2. Nf3 d6 3. d4 cxd4 4. Nxd4 Nf6 5. Nc3 a6 6. Be3 e6 7. g4 b5 8. g5
Nfd7 9. a3 Nb6 10. f4 N8d7 11. Qd2 Bb7 12. O-O-O Rc8 13. Bd3 Nc4 14. Bxc4 bxc4
15. f5 Nc5 16. fxe6 fxe6 17. Rhe1 Qd7 18. Qg2 g6 19. h4 Bg7 20. h5 Ke7 21. Nde2
Na4 22. Bd4 Bxd4 23. Rxd4 e5 24. Rd2 Rhf8 25. Nxa4 Bxe4 1-0

[Event "45th IT Bosna 2015"]
[Site "Sarajevo"]
[Date "2015.05.30"]
[Round "1.17"]
[White "Delic, Jasmin"]
[Black "Kosic, Dragan"]
[Result "0-1"]
[WhiteElo "1987"]
[BlackElo "2482"]
[PlyCount "34"]
[EventDate "2015.05.30"]

1. d4 Nf6 2. Nf3 e6 3. Bf4 d5 4. e3 Bd6 5. Bg3 Ne4 6. Nbd2 f5 7. Nxe4 fxe4 8.
Ne5 O-O 9. Be2 Nd7 10. Nxd7 Bxd7 11. c3 Qg5 12. O-O Bxg3 13. hxg3 Rf6 14. c4
Raf8 15. Qd2 Rh6 16. Rac1 c6 17. b4 Rf3 0-1

[Event "45th IT Bosna 2015"]
[Site "Sarajevo"]
[Date "2015.05.30"]
[Round "1.18"]
[White "Gazik, Viktor"]
[Black "Colpa, Fahrudin"]
[Result "1-0"]
[WhiteElo "2445"]
[BlackElo "1978"]
[PlyCount "73"]
[EventDate "2015.05.30"]

1. e4 Nc6 2. Nf3 d5 3. exd5 Qxd5 4. Nc3 Qh5 5. Nb5 Kd8 6. Be2 Bg4 7. Nc3 Nf6 8.
h3 e5 9. O-O Bxh3 10. gxh3 e4 11. Nh2 Qxh3 12. Bg4 Qh4 13. f4 h5 14. Bf5 Ng4
15. Qe2 Bc5+ 16. Kh1 Nd4 17. Qg2 Nxf5 18. Nxe4 Re8 19. Nxc5 c6 20. Kg1 Ng3 21.
Nf3 Qe7 22. Nxb7+ Kc7 23. Qxg3 Kxb7 24. d4 Qd6 25. c3 Re6 26. Ne5 Nxe5 27. fxe5
Qd5 28. Qf3 Qd7 29. Qxf7 Re7 30. e6 Rxf7 31. exd7 Rxd7 32. Bf4 Rg8 33. Be5 g5
34. Rf5 h4 35. Raf1 h3 36. Rf7 Rxf7 37. Rxf7+ 1-0

[Event "45th IT Bosna 2015"]
[Site "Sarajevo"]
[Date "2015.05.30"]
[Round "1.19"]
[White "Alic, Amir"]
[Black "Drazic, Sinisa"]
[Result "0-1"]
[WhiteElo "1964"]
[BlackElo "2439"]
[PlyCount "84"]
[EventDate "2015.05.30"]

1. d4 Nf6 2. c4 g6 3. Nc3 d5 4. cxd5 Nxd5 5. Bd2 Bg7 6. e4 Nxc3 7. Bxc3 O-O 8.
Bc4 c5 9. Ne2 Nc6 10. dxc5 Ne5 11. Qb3 Qc7 12. Bxe5 Qxe5 13. Qe3 Qxb2 14. O-O
Qxa1 15. Rxa1 Bxa1 16. e5 Rd8 17. f4 Bg4 18. Kf2 Rac8 19. a3 Bxe2 20. Kxe2 e6
21. Qb3 Rc7 22. g4 Kg7 23. Bxe6 Re8 24. c6 bxc6 25. Bc4 Bd4 26. Qa4 Rd8 27. Kf3
g5 28. Qc2 f6 29. Qf5 Rf8 30. Bd3 Kh8 31. fxg5 Bxe5 32. g6 c5 33. a4 c4 34. g7+
Rxg7 35. Bxc4 Rc7 36. Bd3 Rd8 37. Ke2 Re7 38. Kf3 Bc3 39. Be4 Rde8 40. Bd3 Be5
41. g5 fxg5 42. Qxg5 Rf8+ 0-1

[Event "45th IT Bosna 2015"]
[Site "Sarajevo"]
[Date "2015.05.30"]
[Round "1.20"]
[White "Nestorovic, Dejan"]
[Black "Cabric, Izet"]
[Result "1-0"]
[WhiteElo "2425"]
[BlackElo "1952"]
[PlyCount "80"]
[EventDate "2015.05.30"]

1. d4 Nf6 2. c4 c5 3. d5 g6 4. Nc3 Bg7 5. e4 d6 6. Be2 O-O 7. Nf3 Na6 8. O-O
Nc7 9. h3 a6 10. a4 Rb8 11. Bf4 Bd7 12. e5 Nfe8 13. Qb3 b6 14. Rfe1 h6 15. Bd3
dxe5 16. Nxe5 Nd6 17. Qa3 Nce8 18. b4 Rc8 19. b5 a5 20. Nc6 Bxc6 21. bxc6 f5
22. Rab1 g5 23. Be5 Bxe5 24. Rxe5 Qc7 25. Qb2 Nxc4 26. Bxc4 Qxe5 27. d6+ Kh7
28. d7 Rd8 29. dxe8=Q Rdxe8 30. Nb5 Rd8 31. Bf1 Qxb2 32. Rxb2 Rd1 33. c7 Kg7
34. g3 e5 35. Kg2 e4 36. Be2 Rd4 37. f3 e3 38. Nxd4 cxd4 39. Rc2 Kf6 40. Ba6
Ke5 1-0

[Event "45th IT Bosna 2015"]
[Site "Sarajevo"]
[Date "2015.05.30"]
[Round "1.21"]
[White "Haskovic, Salih"]
[Black "Jakovljevic, Vlado"]
[Result "0-1"]
[WhiteElo "1942"]
[BlackElo "2393"]
[PlyCount "78"]
[EventDate "2015.05.30"]

1. e4 c5 2. Nf3 d6 3. Bb5+ Nd7 4. O-O Ngf6 5. e5 dxe5 6. Nxe5 a6 7. Bxd7+ Nxd7
8. d4 Nxe5 9. dxe5 Qxd1 10. Rxd1 Bf5 11. c3 Rd8 12. Rxd8+ Kxd8 13. Be3 e6 14.
Nd2 Kc7 15. Kf1 Be7 16. Ke1 Rd8 17. Nb3 b6 18. Rd1 Kc6 19. Rxd8 Bxd8 20. f3 Kd5
21. f4 Be4 22. g3 Kc4 23. Kd2 Bf5 24. Bf2 Kd5 25. Ke3 Bc2 26. Nd2 c4 27. Ke2
Bf5 28. Bd4 b5 29. a3 a5 30. Ke3 Be7 31. h4 b4 32. axb4 axb4 33. cxb4 Bxb4 34.
Bc3 Bc5+ 35. Kf3 h5 36. Ke2 Bc2 37. Kf3 Bb6 38. Ke2 Bd8 39. Kf2 f6 0-1

[Event "45th IT Bosna 2015"]
[Site "Sarajevo"]
[Date "2015.05.30"]
[Round "1.22"]
[White "Ivanov, Mikhail M"]
[Black "Selimovic, Amir"]
[Result "1-0"]
[WhiteElo "2384"]
[BlackElo "1936"]
[PlyCount "35"]
[EventDate "2015.05.30"]

1. d4 d5 2. c4 c6 3. e3 Nf6 4. Nc3 a6 5. Qc2 b5 6. b3 g6 7. Bd3 Bg7 8. Nf3 Nbd7
9. O-O O-O 10. Rd1 Qc7 11. Bb2 Bb7 12. h3 dxc4 13. bxc4 bxc4 14. Bxc4 c5 15.
Be2 cxd4 16. Nxd4 Nd5 17. Nxd5 Qxc2 18. Nxe7+ 1-0

[Event "45th IT Bosna 2015"]
[Site "Sarajevo"]
[Date "2015.05.30"]
[Round "1.23"]
[White "Hadziselimovic, Bernardina"]
[Black "Vajic, Goran"]
[Result "0-1"]
[WhiteElo "1935"]
[BlackElo "2379"]
[PlyCount "82"]
[EventDate "2015.05.30"]

1. e4 e5 2. Nf3 Nf6 3. Nc3 Bb4 4. d3 O-O 5. Be2 d5 6. O-O Bxc3 7. bxc3 dxe4 8.
Nxe5 Be6 9. Bg5 Nc6 10. Ng4 Bxg4 11. Bxg4 Qd6 12. d4 Nd5 13. Qd2 f5 14. c4 fxg4
15. cxd5 Qxd5 16. c3 Rf5 17. Bf4 Qf7 18. Be3 Na5 19. Qe2 h5 20. Rab1 b6 21. Rb5
Rxb5 22. Qxb5 c6 23. Qe5 Re8 24. Qg5 Qd5 25. Re1 Qxg5 26. Bxg5 Kf7 27. Kf1 Nc4
28. Bc1 Re6 29. Re2 Kf6 30. f3 exf3 31. Rxe6+ Kxe6 32. gxf3 gxf3 33. Kf2 Kf5
34. Kxf3 g5 35. Ke2 g4 36. Kd3 b5 37. a4 a6 38. axb5 axb5 39. d5 cxd5 40. Kd4
h4 41. Kxd5 g3 0-1

[Event "45th IT Bosna 2015"]
[Site "Sarajevo"]
[Date "2015.05.30"]
[Round "1.24"]
[White "Markoja, Boris"]
[Black "Colpa, Husein"]
[Result "1-0"]
[WhiteElo "2372"]
[BlackElo "1932"]
[PlyCount "99"]
[EventDate "2015.05.30"]

1. c4 e5 2. g3 Nf6 3. Bg2 Nc6 4. Nf3 d5 5. cxd5 Nxd5 6. Nc3 Nxc3 7. bxc3 Be7 8.
O-O O-O 9. d4 exd4 10. cxd4 Bg4 11. d5 Nb4 12. Ne5 Bc8 13. a3 Na6 14. Rb1 Nc5
15. Qc2 a5 16. Rb5 Nd7 17. Nc4 a4 18. Rd1 Ra6 19. Bf4 Bd6 20. Nxd6 cxd6 21. Rc1
Re8 22. Be3 b6 23. Qc7 Nc5 24. Qxd8 Rxd8 25. Bf4 f6 26. Rb4 g5 27. Be3 Bd7 28.
Rc3 Re8 29. Bf1 Kf7 30. Bd4 Ra5 31. e3 Rb8 32. f3 f5 33. Be2 h5 34. h3 g4 35.
hxg4 hxg4 36. fxg4 fxg4 37. Rc1 Ke7 38. Bb2 Kd8 39. Rf1 Kc7 40. Rf7 Rg8 41. e4
Rg5 42. Bf6 Rg6 43. e5 dxe5 44. Bxe5+ Kc8 45. Bf4 b5 46. Rb2 Na6 47. Bd3 Rg8
48. Rc2+ Kd8 49. Bh7 b4 50. Bxg8 1-0

[Event "45th IT Bosna 2015"]
[Site "Sarajevo"]
[Date "2015.05.30"]
[Round "1.25"]
[White "Oputic, Mirsad"]
[Black "Bistric, Faruk"]
[Result "0-1"]
[WhiteElo "1930"]
[BlackElo "2370"]
[PlyCount "84"]
[EventDate "2015.05.30"]

1. e4 h6 2. c4 e5 3. Nc3 Nc6 4. d3 Bc5 5. Be2 d6 6. Nf3 Nge7 7. O-O Ng6 8. Na4
O-O 9. a3 a5 10. Be3 Nd4 11. Nxd4 Bxd4 12. Nc3 c6 13. Bg4 Be6 14. Bxe6 fxe6 15.
Ne2 Bxe3 16. fxe3 Rxf1+ 17. Qxf1 Qb6 18. Qc1 Nf4 19. Nxf4 exf4 20. d4 Rf8 21.
c5 dxc5 22. dxc5 Qd8 23. Qc3 Qg5 24. exf4 Qxf4 25. Qd4 Kh7 26. Re1 a4 27. h3
Rf5 28. Rd1 Re5 29. Re1 Rd5 30. Qc4 Rd2 31. Qf1 Qe5 32. Re2 Qxc5+ 33. Kh2 Qb5
34. Rf2 Qxf1 35. Rxf1 Rxb2 36. Rf7 b5 37. Re7 c5 38. Rxe6 Rb3 39. Rb6 b4 40.
axb4 cxb4 41. e5 a3 42. e6 Kg6 0-1

[Event "45th IT Bosna 2015"]
[Site "Sarajevo"]
[Date "2015.05.30"]
[Round "1.26"]
[White "Burovic, Ismet"]
[Black "Sinanovic, Ermin"]
[Result "1-0"]
[WhiteElo "2354"]
[BlackElo "1930"]
[PlyCount "65"]
[EventDate "2015.05.30"]

1. e4 c5 2. d3 Nc6 3. g3 g6 4. Bg2 Bg7 5. f4 e6 6. c3 Nge7 7. Be3 Qb6 8. Qc2 d5
9. Bf2 d4 10. Ne2 Qd8 11. c4 e5 12. a3 f5 13. Nd2 O-O 14. O-O Qd6 15. Rae1 Rb8
16. Kh1 Bd7 17. Bg1 a6 18. b4 cxb4 19. fxe5 Qc7 20. axb4 Nxb4 21. Qb3 a5 22.
Nxd4 Bxe5 23. Nb5 Bxb5 24. cxb5+ Kh8 25. Nc4 Bg7 26. b6 Qd7 27. Nxa5 Nec6 28.
Nxc6 Nxc6 29. exf5 Rxf5 30. Rxf5 Qxf5 31. Rf1 Qe5 32. Qc4 Qd6 33. Rf7 1-0

[Event "45th IT Bosna 2015"]
[Site "Sarajevo"]
[Date "2015.05.30"]
[Round "1.27"]
[White "Dedic, Nedzad"]
[Black "Arapovic, Vitomir"]
[Result "0-1"]
[WhiteElo "1927"]
[BlackElo "2347"]
[PlyCount "83"]
[EventDate "2015.05.30"]

1. e4 g6 2. d4 Bg7 3. Nf3 d6 4. Bc4 Nf6 5. Nbd2 O-O 6. Bb3 Nc6 7. c3 e5 8. dxe5
Nxe5 9. Nxe5 dxe5 10. O-O b6 11. f3 Qe7 12. Qe2 a5 13. a4 Nd7 14. Rd1 Nc5 15.
Bd5 Ba6 16. Bc4 Bb7 17. Nf1 Ne6 18. g3 f5 19. b4 axb4 20. cxb4 fxe4 21. fxe4
Kh8 22. a5 Nd4 23. Rxd4 exd4 24. Bd3 Qd6 25. a6 Bxa6 26. Rxa6 Rxa6 27. Bxa6 c5
28. e5 d3 29. Bxd3 Qd4+ 30. Kg2 Qxe5 31. Ne3 Re8 32. Qc2 Qd4 33. Nd1 c4 34. Be2
b5 35. Bb2 Qe4+ 36. Qxe4 Rxe4 37. Kf3 Re6 38. Bxg7+ Kxg7 39. g4 Kf6 40. h4 Ke5
41. Ke3 Kd5+ 42. Kd2 0-1

[Event "45th IT Bosna 2015"]
[Site "Sarajevo"]
[Date "2015.05.30"]
[Round "1.28"]
[White "Rasidovic, Sead"]
[Black "Hadzialic, Benjamin"]
[Result "1-0"]
[WhiteElo "2341"]
[BlackElo "1924"]
[PlyCount "99"]
[EventDate "2015.05.30"]

1. e4 c5 2. Nf3 d6 3. d4 cxd4 4. Nxd4 Nf6 5. Nc3 a6 6. Be2 e5 7. Nb3 Be6 8. Bf3
Be7 9. g4 h6 10. Be3 Qd7 11. h3 b5 12. Qd2 b4 13. Nd5 Bxd5 14. exd5 a5 15. a3
bxa3 16. Rxa3 Bd8 17. Nxa5 Bxa5 18. Rxa5 Rxa5 19. Qxa5 O-O 20. c4 Rc8 21. b3
Qe7 22. O-O Nbd7 23. Bg2 e4 24. Qa7 h5 25. g5 Nh7 26. h4 f5 27. Bh3 g6 28. Bf4
Rb8 29. Rb1 Nhf8 30. Bg2 Rb6 31. b4 Qd8 32. Qa1 Qb8 33. Qc3 Ra6 34. Bf1 Nc5 35.
Qf6 Ncd7 36. Qe7 Nc5 37. b5 Rb6 38. Ra1 Nfd7 39. Be2 Qf8 40. Qxf8+ Kxf8 41.
Ra8+ Ke7 42. Rg8 Nf8 43. Rg7+ Ke8 44. Rc7 Nfd7 45. Rc6 Rxc6 46. dxc6 Ne5 47.
Bxe5 dxe5 48. b6 Kd8 49. Kf1 Kc8 50. Ke1 1-0

[Event "45th IT Bosna 2015"]
[Site "Sarajevo"]
[Date "2015.05.30"]
[Round "1.30"]
[White "Burovic, Rijad"]
[Black "Markovic, Dino"]
[Result "1-0"]
[WhiteElo "2330"]
[BlackElo "1905"]
[PlyCount "115"]
[EventDate "2015.05.30"]

1. e4 e6 2. d3 d5 3. Nd2 c5 4. g3 Nc6 5. Bg2 dxe4 6. dxe4 e5 7. Ngf3 Nf6 8. O-O
Be7 9. c3 O-O 10. Qe2 Qc7 11. Nc4 h6 12. Nh4 Rd8 13. Ne3 Be6 14. Nhf5 Bf8 15.
Qf3 Ne8 16. Nd5 Bxd5 17. exd5 Ne7 18. Nxe7+ Bxe7 19. Re1 Bd6 20. c4 Rab8 21.
Bd2 a6 22. a4 Rd7 23. Bf1 Re7 24. Bd3 Nf6 25. Re2 Rbe8 26. Rae1 b5 27. axb5
axb5 28. cxb5 c4 29. Bb1 Qc5 30. Qf5 e4 31. Bxe4 Nxe4 32. Rxe4 Rxe4 33. Rxe4
Rxe4 34. Qxe4 Qxb5 35. Bc3 Bf8 36. Qd4 Qc5 37. Qe4 Qb5 38. h3 Qc5 39. Be5 Qb4
40. Kg2 Qc5 41. Bd4 Qd6 42. Bc3 Qc5 43. Qe5 Qb5 44. Qd4 Qc5 45. Qxc5 Bxc5 46.
g4 Kf8 47. f4 g6 48. Bf6 Ke8 49. Kf3 Kd7 50. Ke4 Kd6 51. Be5+ Kd7 52. f5 Bb6
53. Bd4 Bd8 54. Bg7 Bg5 55. fxg6 fxg6 56. Kd4 h5 57. Kxc4 hxg4 58. hxg4 1-0

[Event "45th IT Bosna 2015"]
[Site "Sarajevo"]
[Date "2015.05.30"]
[Round "1.31"]
[White "Maksimovic, Bojan"]
[Black "Trkulja, Goran"]
[Result "0-1"]
[WhiteElo "1891"]
[BlackElo "2324"]
[PlyCount "94"]
[EventDate "2015.05.30"]

1. e4 c5 2. Nf3 e6 3. d4 cxd4 4. Nxd4 a6 5. Nc3 Qc7 6. Be3 Bb4 7. Qd2 Nf6 8. f3
d5 9. g4 dxe4 10. g5 Nd5 11. O-O-O Nxc3 12. bxc3 Bxc3 13. Qf2 Qa5 14. Kb1 Qa3
15. Bc1 Qc5 16. Be3 Qa3 17. Bc1 Qb4+ 18. Nb3 Nc6 19. a3 Qe7 20. fxe4 Be5 21. h4
a5 22. Ka2 a4 23. Nc5 O-O 24. Be3 Ra5 25. Nd3 Bd6 26. c4 e5 27. c5 Be6+ 28. Ka1
Bc7 29. Nb4 Nxb4 30. axb4 Raa8 31. Qb2 Bb3 32. Rd5 Rad8 33. Bg2 Rd7 34. Qd2
Rfd8 35. h5 Qe6 36. g6 Bxd5 37. exd5 Rxd5 38. Bxd5 Qxd5 39. gxf7+ Qxf7 40. Qc2
Qb3 41. Qxb3+ axb3 42. b5 Rd3 43. Bg5 e4 44. Re1 h6 45. Bc1 Be5+ 46. Kb1 b2 47.
Bxb2 Rb3 0-1